[Event "HUN-chT2 Breyer 1718"]
[Site "Hungary"]
[Date "2017.10.08"]
[Round "2.7"]
[White "Nadi, Ferenc"]
[Black "Dekany, Lajos"]
[Result "0-1"]
[WhiteElo "1997"]
[BlackElo "2017"]
[PlyCount "46"]
[EventDate "2017.09.24"]
[EventType "team-tourn"]
[EventRounds "11"]
[EventCountry "HUN"]
[SourceTitle "EXT 2021"]
[Source "ChessBase"]
[SourceDate "2020.10.23"]
[SourceVersion "1"]
[SourceVersionDate "2020.10.23"]
[SourceQuality "1"]
[WhiteTeam "Szekesfehervar"]
[BlackTeam "Kisber Aszar"]
[WhiteTeamCountry "HUN"]
[BlackTeamCountry "HUN"]

1. e4 c5 2. Nf3 Nc6 3. d4 cxd4 4. Nxd4 Qb6 5. Nb3 Nf6 6. Nc3 e6 7. Be3 Qc7 8. Qd2 Bb4 9. f3 d5 10. a3 Be7 11. exd5 Nxd5 12. Nxd5 exd5 13. Qxd5 0-0 14. Bd3 Bh4+ 15. g3 Re8 16. Kf2 Bf6 17. Rab1 Re5 18. Qc4 Be6 19. Qf4 Bg5 20. Qxg5 Rxg5 21. Bxg5 Ne5 22. Nd4 Bc4 23. Bf4 Bxd3 0-1

[Event "HUN-chT2 Breyer 1718"]
[Site "Hungary"]
[Date "2017.09.24"]
[Round "1.8"]
[White "Balazs, Andras"]
[Black "Dekany, Lajos"]
[Result "0-1"]
[WhiteElo "1889"]
[BlackElo "2010"]
[PlyCount "44"]
[EventDate "2017.09.24"]
[EventType "team-tourn"]
[EventRounds "11"]
[EventCountry "HUN"]
[SourceTitle "EXT 2021"]
[Source "ChessBase"]
[SourceDate "2020.10.23"]
[SourceVersion "1"]
[SourceVersionDate "2020.10.23"]
[SourceQuality "1"]
[WhiteTeam "Nyergesujfalu"]
[BlackTeam "Kisber Aszar"]
[WhiteTeamCountry "HUN"]
[BlackTeamCountry "HUN"]

1. e4 c5 2. Nf3 Nc6 3. d4 cxd4 4. Nxd4 Qb6 5. Nb3 Nf6 6. Nc3 e6 7. Be3 Qc7 8. Be2 a6 9. f4 Bb4 10. Bf3 d5 11. exd5 Nxd5 12. Bxd5 exd5 13. Qxd5 0-0 14. 0-0 Re8 15. Qf3 Be6 16. Nd4 Bc4 17. Rfe1 Rxe3 18. Qxe3 Nxd4 19. Qe5 Bd6 20. Qe4 f5 21. Qe3 Nxc2 22. Qf2 Bc5 0-1

[Event "HUN-chT2 Breyer 1516"]
[Site "Hungary"]
[Date "2016.02.14"]
[Round "7.9"]
[White "Szerenyi, Bence"]
[Black "Dekany, Lajos"]
[Result "1-0"]
[WhiteElo "1968"]
[BlackElo "2026"]
[PlyCount "57"]
[EventDate "2015.09.13"]
[EventType "team-tourn"]
[EventRounds "11"]
[EventCountry "HUN"]
[SourceTitle "EXT 2017"]
[Source "ChessBase"]
[SourceDate "2016.10.25"]
[SourceVersion "1"]
[SourceVersionDate "2016.10.25"]
[SourceQuality "1"]
[WhiteTeam "Vizugy"]
[BlackTeam "Kisber Aszar"]
[WhiteTeamCountry "HUN"]
[BlackTeamCountry "HUN"]

1. d4 Nf6 2. Bg5 Ne4 3. Bf4 d5 4. Nd2 Nf6 5. c4 e6 6. Ngf3 Be7 7. Ne5 Nh5 8. Bg3 0-0 9. e3 Nxg3 10. hxg3 Nd7 11. Bd3 f5 12. Qf3 Nxe5 13. dxe5 g6 14. g4 dxc4 15. Bxc4 Bb4 16. 0-0-0 Qe7 17. Nb3 a5 18. Kb1 a4 19. Nd4 c5 20. Nb5 a3 21. gxf5 Rxf5 22. Qg3 Bd7 23. Nd6 Rff8 24. f4 b5 25. Bd3 c4 26. Bxg6 hxg6 27. Rh6 Rf7 28. Rdh1 Rh7 29. Qxg6+ 1-0

[Event "HUN-chT2 Breyer 1516"]
[Site "Hungary"]
[Date "2015.11.29"]
[Round "5.10"]
[White "Dekany, Lajos"]
[Black "Bolyai, Istvan"]
[Result "1-0"]
[WhiteElo "2026"]
[BlackElo "1941"]
[PlyCount "73"]
[EventDate "2015.09.13"]
[EventType "team-tourn"]
[EventRounds "11"]
[EventCountry "HUN"]
[SourceTitle "CBM 170 Extra"]
[Source "ChessBase"]
[SourceDate "2016.02.25"]
[SourceVersion "1"]
[SourceVersionDate "2016.02.25"]
[SourceQuality "1"]
[WhiteTeam "Kisber Aszar"]
[BlackTeam "Sarkany DSE"]
[WhiteTeamCountry "HUN"]
[BlackTeamCountry "HUN"]

1. Nf3 d5 2. d4 g6 3. Bf4 Bg7 4. h3 Nf6 5. c4 0-0 6. Nc3 c6 7. e3 Bf5 8. g4 Be4 9. Nxe4 Nxe4 10. a3 e6 11. Qc2 Nd7 12. Bd3 f5 13. Bxe4 fxe4 14. Nd2 e5 15. dxe5 Nxe5 16. Bxe5 Bxe5 17. f4 exf3 18. 0-0-0 Qg5 19. Kb1 Qxe3 20. Rhe1 Qg5 21. cxd5 f2 22. Rf1 cxd5 23. Qb3 Kh8 24. Nf3 Qf4 25. Rxf2 d4 26. Rff1 Qe3 27. Rd3 Qe4 28. Re1 Qf4 29. Rxe5 Rad8 30. Qxb7 Qg3 31. Qe4 Qxh3 32. Re7 Rf6 33. Re8+ Rxe8 34. Qxe8+ Kg7 35. Qe7+ Kh6 36. g5+ Kh5 37. Qxh7+ 1-0

[Event "HUN-chT2 Breyer 1314"]
[Site "Hungary"]
[Date "2014.04.13"]
[Round "8"]
[White "Dekany, Lajos"]
[Black "Andahazy, Kolos"]
[Result "1-0"]
[WhiteElo "2070"]
[BlackElo "1820"]
[PlyCount "125"]
[EventDate "2013.09.08"]
[EventType "team-tourn"]
[EventRounds "9"]
[EventCountry "HUN"]
[SourceTitle "EXT 2016"]
[Source "ChessBase"]
[SourceDate "2015.10.08"]
[SourceVersion "1"]
[SourceVersionDate "2015.10.08"]
[SourceQuality "1"]
[WhiteTeam "Kisber Aszar"]
[BlackTeam "Biatorbagy"]
[WhiteTeamCountry "HUN"]
[BlackTeamCountry "HUN"]

1. Nf3 Nf6 2. d4 g6 3. c4 Bg7 4. Nc3 d5 5. cxd5 Nxd5 6. e4 Nf6 7. h3 0-0 8. Be2 c6 9. Be3 b6 10. 0-0 Bb7 11. Qd2 Re8 12. Rfd1 Nbd7 13. Rac1 Rc8 14. Bc4 b5 15. Bd3 a6 16. b4 Nb6 17. Bg5 Nfd7 18. Qe2 Nf6 19. a3 Nfd7 20. Qa2 Rf8 21. Bc2 Qe8 22. Bb3 e5 23. dxe5 Nxe5 24. Nxe5 Qxe5 25. Be3 Qc7 26. Bc5 Rfd8 27. Bxf7+ Kh8 28. Be6 Ra8 29. Qb3 Na4 30. Nxa4 bxa4 31. Qe3 h6 32. f4 Rxd1+ 33. Rxd1 Rd8 34. Rf1 a5 35. Bb6 Qxb6 36. Qxb6 Bd4+ 37. Qxd4+ Rxd4 38. bxa5 Rxe4 39. Rb1 Ba6 40. f5 gxf5 41. Bxf5 Re5 42. Bd7 Rxa5 43. Rb8+ Kh7 44. Ra8 Rd5 45. Bxc6 Rd1+ 46. Kh2 Bf1 47. Rxa4 Ra1 48. Bf3 Bd3 49. Kg3 Bc2 50. Ra7+ Kg6 51. Kf4 Kf6 52. Rc7 Bd3 53. Rc3 Bb5 54. g4 Rg1 55. h4 Be8 56. Rb3 Bf7 57. Rb6+ Kg7 58. Rb7 Kf6 59. g5+ hxg5+ 60. hxg5+ Kg6 61. Be4+ Kg7 62. g6 Rf1+ 63. Ke5 1-0

[Event "HUN-chT2 Breyer 1314"]
[Site "Hungary"]
[Date "2013.10.20"]
[Round "3.7"]
[White "Szanto, Levente"]
[Black "Dekany, Lajos"]
[Result "1/2-1/2"]
[WhiteElo "1947"]
[BlackElo "2070"]
[PlyCount "115"]
[EventDate "2013.09.08"]
[EventType "team-tourn"]
[EventRounds "9"]
[EventCountry "HUN"]
[SourceTitle "EXT 2016"]
[Source "ChessBase"]
[SourceDate "2015.10.08"]
[SourceVersion "1"]
[SourceVersionDate "2015.10.08"]
[SourceQuality "1"]
[WhiteTeam "Tatabanya Turul"]
[BlackTeam "Kisber Aszar"]
[WhiteTeamCountry "HUN"]
[BlackTeamCountry "HUN"]

1. e4 c5 2. Nf3 Nc6 3. d4 cxd4 4. Nxd4 Qb6 5. Nb3 Nf6 6. Nc3 e6 7. Be3 Qc7 8. Qd2 Bb4 9. f3 d5 10. a3 Bxc3 11. Qxc3 dxe4 12. fxe4 0-0 13. Bd3 Qe5 14. Qxe5 Nxe5 15. Bd4 Nxd3+ 16. cxd3 Nd7 17. 0-0 b6 18. Bc3 a5 19. Rf3 e5 20. d4 exd4 21. Nxd4 Bb7 22. Nf5 f6 23. Rg3 g6 24. Nd6 Bc6 25. Re1 Rad8 26. Nc4 Rfe8 27. Rge3 Re6 28. e5 Bd5 29. exf6 Kf7 30. Rxe6 Bxe6 31. Nd6+ Kf8 32. Rxe6 Nc5 33. Re7 Rxd6 34. Rxh7 Ne4 35. Kf1 Nxc3 36. bxc3 Rxf6+ 37. Ke2 Rf5 38. Rb7 b5 39. Ra7 a4 40. Rc7 Rh5 41. h3 Rg5 42. Kf3 Rf5+ 43. Ke3 Rf1 44. c4 Rb1 45. c5 Rb3+ 46. Kd4 Rxa3 47. c6 Ke8 48. Rb7 Kd8 49. Rxb5 Kc7 50. Kc5 Rc3+ 51. Kb4 Rxc6 52. Kxa4 Kd7 53. Rg5 Ke7 54. h4 Kf6 55. Kb3 Re6 56. Kc3 Re4 57. g3 Ra4 58. Kd3 1/2-1/2

[Event "HUN-chT2 Breyer 1213"]
[Site "Hungary"]
[Date "2013.04.21"]
[Round "11.8"]
[White "Dekany, Lajos"]
[Black "Pregitzer, Gyorgy"]
[Result "1-0"]
[WhiteElo "2033"]
[BlackElo "1858"]
[PlyCount "53"]
[EventDate "2012.09.16"]
[EventType "team-tourn"]
[EventRounds "11"]
[EventCountry "HUN"]
[SourceTitle "EXT 2014"]
[Source "ChessBase"]
[SourceDate "2013.11.20"]
[SourceVersion "1"]
[SourceVersionDate "2013.11.20"]
[SourceQuality "1"]
[WhiteTeam "Kisber Aszar"]
[BlackTeam "Zsambek"]
[WhiteTeamCountry "HUN"]
[BlackTeamCountry "HUN"]

1. d4 f5 2. g4 fxg4 3. h3 g3 4. fxg3 d5 5. Bg2 Nc6 6. c4 Nf6 7. cxd5 Nxd5 8. e4 Nf6 9. Ne2 e5 10. d5 Bb4+ 11. Nbc3 Ne7 12. Qa4+ Nc6 13. dxc6 Bxc3+ 14. bxc3 b6 15. Ba3 Qd3 16. Rd1 Qe3 17. Qb4 Kf7 18. Qe7+ Kg6 19. Bc1 Qc5 20. Qxc5 bxc5 21. Be3 c4 22. 0-0 Be6 23. g4 h6 24. Ng3 Ne8 25. Nf5 Kh7 26. h4 g6 27. Nxh6 1-0

[Event "HUN-chT2 Breyer 1213"]
[Site "Hungary"]
[Date "2013.01.27"]
[Round "6.8"]
[White "Eles, Tibor"]
[Black "Dekany, Lajos"]
[Result "0-1"]
[WhiteElo "1823"]
[BlackElo "2033"]
[PlyCount "52"]
[EventDate "2012.09.16"]
[EventType "team-tourn"]
[EventRounds "11"]
[EventCountry "HUN"]
[SourceTitle "EXT 2014"]
[Source "ChessBase"]
[SourceDate "2013.11.20"]
[SourceVersion "1"]
[SourceVersionDate "2013.11.20"]
[SourceQuality "1"]
[WhiteTeam "Turul"]
[BlackTeam "Kisber Aszar"]
[WhiteTeamCountry "HUN"]
[BlackTeamCountry "HUN"]

1. b3 Nf6 2. Bb2 e6 3. e3 b6 4. Nf3 Bb7 5. Be2 Be7 6. 0-0 0-0 7. c4 d6 8. d4 Ne4 9. d5 a5 10. Nc3 Nc5 11. Qc2 e5 12. e4 Bc8 13. Nd2 f5 14. f3 Bg5 15. exf5 Bxf5 16. Nde4 Be3+ 17. Kh1 Qh4 18. Bc1 Bd4 19. Rb1 Nba6 20. a3 Bxc3 21. Qxc3 Nxe4 22. fxe4 Bxe4 23. Bb2 Rf2 24. Bf3 Rf8 25. Rxf2 Qxf2 26. Qe1 Rxf3 0-1

[Event "Komarom Esztergom County-chT"]
[Site "Hungary"]
[Date "2012.12.16"]
[Round "4.3"]
[White "Dekany, Lajos"]
[Black "Papp, Gabor1111"]
[Result "1-0"]
[WhiteElo "2033"]
[BlackElo "1918"]
[PlyCount "75"]
[EventDate "2012.09.29"]
[EventType "team-tourn"]
[EventRounds "10"]
[EventCountry "HUN"]
[SourceTitle "EXT 2014"]
[Source "ChessBase"]
[SourceDate "2013.11.20"]
[SourceVersion "1"]
[SourceVersionDate "2013.11.20"]
[SourceQuality "1"]
[WhiteTeam "Koernyei SE"]
[BlackTeam "Acsi Kinizsi SC"]
[WhiteTeamCountry "HUN"]
[BlackTeamCountry "HUN"]

1. Nf3 Nf6 2. d4 e6 3. Bf4 d5 4. c3 Bd6 5. Bg3 0-0 6. Nbd2 Re8 7. e3 c6 8. Bd3 Qc7 9. Ne5 Nbd7 10. f4 Nf8 11. 0-0 N6d7 12. Qh5 Nf6 13. Qh3 g6 14. Bh4 Nh5 15. g4 Ng7 16. Bf6 Be7 17. Bxg7 Kxg7 18. g5 Bd6 19. Qh6+ Kg8 20. Ng4 Nd7 21. Nf3 Qd8 22. Nfe5 Bf8 23. Qh4 Bg7 24. Nh6+ Bxh6 25. Qxh6 Qe7 26. Rf3 Qf8 27. Qh4 Qg7 28. Raf1 Nxe5 29. fxe5 Re7 30. Qf4 Bd7 31. h4 Be8 32. h5 Rc8 33. Rh3 Rcc7 34. Rf2 Red7 35. h6 Qh8 36. Bxg6 Re7 37. Bd3 a6 38. g6 1-0

[Event "Komarom Esztergom County-chT"]
[Site "Hungary"]
[Date "2012.11.11"]
[Round "3.3"]
[White "Pusztai, Janos"]
[Black "Dekany, Lajos"]
[Result "0-1"]
[WhiteElo "1801"]
[BlackElo "2033"]
[PlyCount "32"]
[EventDate "2012.09.29"]
[EventType "team-tourn"]
[EventRounds "10"]
[EventCountry "HUN"]
[SourceTitle "EXT 2014"]
[Source "ChessBase"]
[SourceDate "2013.11.20"]
[SourceVersion "1"]
[SourceVersionDate "2013.11.20"]
[SourceQuality "1"]
[WhiteTeam "Almasfuezito"]
[BlackTeam "Koernyei SE"]
[WhiteTeamCountry "HUN"]
[BlackTeamCountry "HUN"]

1. e4 c5 2. Nf3 Nc6 3. d4 cxd4 4. Nxd4 Qb6 5. Nb3 Nf6 6. Be3 Qc7 7. f3 e6 8. a3 d5 9. exd5 Nxd5 10. Bd4 Nxd4 11. Nxd4 a6 12. c4 Qe5+ 13. Be2 Nf4 14. 0-0 Bc5 15. Re1 Qxd4+ 16. Kh1 Qf2 0-1

[Event "Komarom Esztergom County-chT"]
[Site "Hungary"]
[Date "2012.10.14"]
[Round "2.2"]
[White "Laszlo, Imre"]
[Black "Dekany, Lajos"]
[Result "1/2-1/2"]
[WhiteElo "2185"]
[BlackElo "2033"]
[PlyCount "81"]
[EventDate "2012.09.29"]
[EventType "team-tourn"]
[EventRounds "10"]
[EventCountry "HUN"]
[SourceTitle "EXT 2014"]
[Source "ChessBase"]
[SourceDate "2013.11.20"]
[SourceVersion "1"]
[SourceVersionDate "2013.11.20"]
[SourceQuality "1"]
[WhiteTeam "Tata Naszaly"]
[BlackTeam "Koernyei SE"]
[WhiteTeamCountry "HUN"]
[BlackTeamCountry "HUN"]

1. e4 c5 2. Nf3 Nc6 3. d4 cxd4 4. Nxd4 Qb6 5. Nb3 Nf6 6. Nc3 e6 7. Bd3 d6 8. 0-0 a6 9. a4 Qc7 10. a5 Ne5 11. f4 Nxd3 12. cxd3 b5 13. Qe2 Be7 14. Be3 Bb7 15. Rac1 Qd7 16. Rc2 0-0 17. Rfc1 Rfc8 18. Na2 e5 19. fxe5 Ng4 20. Bb6 Rxc2 21. Rxc2 Rc8 22. exd6 Rxc2 23. Qxc2 Qxd6 24. g3 Ne5 25. Nd4 Bg5 26. Kg2 g6 27. Nf3 Nxf3 28. Kxf3 Qe6 29. Qc7 Bc8 30. Kg2 Qh3+ 31. Kg1 h5 32. Qe5 Qg4 33. Nc3 h4 34. Bd4 f6 35. Qe8+ Kh7 36. Qf7+ Kh6 37. Qf8+ Kh7 38. Qf7+ Kh6 39. Qf8+ Kh7 40. Qe7+ Kh6 41. Qf8+ 1/2-1/2

[Event "HUN-chT2 Charousek 1112"]
[Site "Hungary"]
[Date "2012.05.20"]
[Round "11"]
[White "Dekany, Lajos"]
[Black "Szabo, Lorinc"]
[Result "1/2-1/2"]
[WhiteElo "2079"]
[BlackElo "1963"]
[PlyCount "69"]
[EventDate "2011.09.25"]
[EventType "team-tourn"]
[EventRounds "11"]
[EventCountry "HUN"]
[SourceTitle "EXT 2016"]
[Source "ChessBase"]
[SourceDate "2015.10.08"]
[SourceVersion "1"]
[SourceVersionDate "2015.10.08"]
[SourceQuality "1"]
[WhiteTeam "Kisber Aszar"]
[BlackTeam "Fehervar"]
[WhiteTeamCountry "HUN"]
[BlackTeamCountry "HUN"]

1. Nf3 Nf6 2. d4 g6 3. h3 Bg7 4. c4 b6 5. Nc3 Bb7 6. Qc2 Bxf3 7. gxf3 Nh5 8. d5 d6 9. e4 e6 10. Bd3 e5 11. Be3 Nd7 12. 0-0-0 Nc5 13. Ne2 0-0 14. Rdg1 Qf6 15. Ng3 Nf4 16. Bf1 a5 17. Kb1 Rfb8 18. h4 h5 19. Ne2 Kh7 20. Nxf4 exf4 21. Bd2 Na4 22. Bc1 Nc5 23. Rg5 Kh8 24. Bd2 Nd7 25. Bc3 Ne5 26. Bxe5 dxe5 27. Bh3 Qd6 28. Rhg1 Bf6 29. R5g2 Rg8 30. Rh2 Qe7 31. Qa4 Rad8 32. Rc1 Qc5 33. Bf1 Be7 34. Be2 Qb4 35. Qxb4 1/2-1/2

[Event "HUN-chT2 Charousek 1112"]
[Site "Hungary"]
[Date "2012.01.29"]
[Round "5"]
[White "Dekany, Lajos"]
[Black "Mihalka, Zsolt"]
[Result "0-1"]
[WhiteElo "2079"]
[BlackElo "2197"]
[PlyCount "44"]
[EventDate "2011.09.25"]
[EventType "team-tourn"]
[EventRounds "11"]
[EventCountry "HUN"]
[SourceTitle "EXT 2013"]
[Source "ChessBase"]
[SourceDate "2012.11.22"]
[SourceVersion "1"]
[SourceVersionDate "2012.11.22"]
[SourceQuality "1"]
[WhiteTeam "Kisber Aszar"]
[BlackTeam "Penzugyor II"]
[WhiteTeamCountry "HUN"]
[BlackTeamCountry "HUN"]

1. Nf3 g6 2. c4 Bg7 3. Nc3 d6 4. d4 e5 5. e4 exd4 6. Nxd4 Nc6 7. Be3 Nf6 8. Nxc6 bxc6 9. h3 0-0 10. Qc2 Re8 11. Bd3 d5 12. cxd5 cxd5 13. 0-0-0 d4 14. Bb5 c5 15. Bxe8 Qxe8 16. Bg5 dxc3 17. Qxc3 Nxe4 18. Qa5 Be6 19. Be3 Rb8 20. b3 Qe7 21. f3 Qf6 22. Qa3 Qc3+ 0-1

[Event "HUN-chT2 Charousek 1112"]
[Site "Hungary"]
[Date "2011.09.25"]
[Round "1"]
[White "Dekany, Lajos"]
[Black "Antal, Jozsef"]
[Result "1-0"]
[WhiteElo "2079"]
[BlackElo "2002"]
[PlyCount "109"]
[EventDate "2011.09.25"]
[EventType "team-tourn"]
[EventRounds "11"]
[EventCountry "HUN"]
[SourceTitle "EXT 2013"]
[Source "ChessBase"]
[SourceDate "2012.11.22"]
[SourceVersion "1"]
[SourceVersionDate "2012.11.22"]
[SourceQuality "1"]
[WhiteTeam "Kisber Aszar"]
[BlackTeam "Balatonfuered"]
[WhiteTeamCountry "HUN"]
[BlackTeamCountry "HUN"]

1. Nf3 d5 2. d4 e6 3. Bf4 Bd6 4. Bg3 Nf6 5. Nbd2 b6 6. e3 Bb7 7. Bd3 c5 8. c3 c4 9. Bc2 b5 10. Qe2 Bxg3 11. hxg3 Nbd7 12. Ne5 Qc7 13. f4 Ne4 14. Rh3 Ndf6 15. g4 Nxd2 16. Kxd2 0-0-0 17. g5 Ne4+ 18. Bxe4 dxe4 19. Rah1 f6 20. Ng6 Rhe8 21. Rxh7 fxg5 22. Qg4 Rd5 23. Rh8 Rdd8 24. Qxg5 Rxh8 25. Rxh8 Rxh8 26. Nxh8 Bd5 27. Qh5 Kb7 28. Qf7 Qxf7 29. Nxf7 Kc7 30. a3 Kd7 31. g4 Ke7 32. Ne5 Kf6 33. g5+ Ke7 34. Ke2 Kd6 35. Kf2 Bc6 36. Kg3 Be8 37. g6 Ke7 38. Kh4 Kf6 39. Kh5 a6 40. Ng4+ Kf5 41. Ne5 Kf6 42. a4 Kf5 43. a5 Kf6 44. Kg4 Bxg6 45. Nd7+ Ke7 46. Nc5 Kd6 47. Nxa6 Be8 48. Nc5 Bc6 49. Kg5 Bd5 50. Kg6 Kc6 51. Kxg7 b4 52. Kf6 Kb5 53. a6 bxc3 54. bxc3 Ka5 55. Ke5 1-0

[Event "Kisber op"]
[Site "Kisber"]
[Date "2011.07.24"]
[Round "7"]
[White "Dekany, Lajos"]
[Black "Csordas, David"]
[Result "1-0"]
[WhiteElo "2065"]
[BlackElo "1630"]
[PlyCount "75"]
[EventDate "2011.07.21"]
[EventType "swiss"]
[EventRounds "7"]
[EventCountry "HUN"]
[SourceTitle "EXT 2012"]
[Source "ChessBase"]
[SourceDate "2011.11.24"]
[SourceVersion "1"]
[SourceVersionDate "2011.11.24"]
[SourceQuality "1"]

1. Nf3 Nf6 2. d4 g6 3. c4 Bg7 4. g3 d6 5. Nc3 0-0 6. e4 e5 7. d5 a5 8. Bg2 Na6 9. 0-0 Bd7 10. h3 Qc8 11. Kh2 Nc5 12. Qc2 Nh5 13. g4 Nf4 14. Bxf4 exf4 15. Ne2 Re8 16. Nfd4 Be5 17. f3 Kh8 18. Qd2 Rf8 19. Rh1 Nxe4 20. fxe4 f3+ 21. Kg1 fxg2 22. Kxg2 f5 23. exf5 gxf5 24. g5 f4 25. Nf3 b6 26. Rae1 h6 27. h4 Bg4 28. Ned4 Bxf3+ 29. Kxf3 h5 30. Ne6 Qd7 31. Qc2 Rg8 32. b3 c6 33. g6 cxd5 34. Qf5 Rg7 35. cxd5 Qc8 36. Rc1 Qb7 37. Rhd1 Rc8 38. Nxg7 1-0

[Event "Kisber op"]
[Site "Kisber"]
[Date "2011.07.23"]
[Round "5"]
[White "Dekany, Lajos"]
[Black "Farkas, Gyula"]
[Result "0-1"]
[WhiteElo "2065"]
[BlackElo "2194"]
[PlyCount "103"]
[EventDate "2011.07.21"]
[EventType "swiss"]
[EventRounds "7"]
[EventCountry "HUN"]
[SourceTitle "EXT 2012"]
[Source "ChessBase"]
[SourceDate "2011.11.24"]
[SourceVersion "1"]
[SourceVersionDate "2011.11.24"]
[SourceQuality "1"]

1. Nf3 d5 2. d4 c6 3. Bf4 Nf6 4. e3 Nh5 5. Bg3 Nd7 6. Nbd2 g6 7. Bh4 Qb6 8. Rb1 a5 9. Be2 Bg7 10. 0-0 h6 11. Ne1 Nhf6 12. f4 0-0 13. Nd3 c5 14. c3 Re8 15. Kh1 Ne4 16. Nxe4 dxe4 17. Nf2 f5 18. Bc4+ e6 19. g4 Kh7 20. Rg1 Nf8 21. Qf1 Bd7 22. gxf5 exf5 23. Bf7 cxd4 24. cxd4 Rec8 25. Be7 Be8 26. Bc4 Rc7 27. Bc5 Qf6 28. b3 Nd7 29. Ba3 Rb8 30. Nd1 Nb6 31. Be2 Nd5 32. Qe1 b6 33. Bc4 Bc6 34. Rc1 Rbc8 35. Ba6 Ra8 36. Bc4 Rd8 37. Rc2 g5 38. fxg5 hxg5 39. Bxd5 Rxd5 40. Qg3 f4 41. Qh3+ Bh6 42. Nc3 Rdd7 43. d5 Bb7 44. Nxe4 Bxd5 45. Qg2 Qf5 46. Rxc7 Bxe4 47. Rxd7+ Kg6 48. Rd6+ Kh5 49. Rf1 Bxg2+ 50. Kxg2 Qe4+ 51. Kg1 Qxe3+ 52. Kh1 0-1

[Event "HUN-chT2 Charousek 1011"]
[Site "Hungary"]
[Date "2011.04.10"]
[Round "8"]
[White "Dekany, Lajos"]
[Black "Wolosz, Janos"]
[Result "1-0"]
[WhiteElo "2025"]
[BlackElo "1954"]
[PlyCount "81"]
[EventDate "2010.09.12"]
[EventType "team-tourn"]
[EventRounds "11"]
[EventCountry "HUN"]
[SourceTitle "EXT 2012"]
[Source "ChessBase"]
[SourceDate "2011.11.24"]
[SourceVersion "1"]
[SourceVersionDate "2011.11.24"]
[SourceQuality "1"]
[WhiteTeam "Kisber Aszar"]
[BlackTeam "Pannonpower"]
[WhiteTeamCountry "HUN"]
[BlackTeamCountry "HUN"]

1. Nf3 d5 2. d4 Nf6 3. c4 e6 4. Nc3 Be7 5. Bf4 c6 6. h3 dxc4 7. a4 Nd5 8. Bd2 Nd7 9. e4 Nxc3 10. Bxc3 b5 11. d5 cxd5 12. exd5 Bf6 13. dxe6 Qe7 14. axb5 Bxc3+ 15. bxc3 Nb6 16. Be2 Bxe6 17. 0-0 0-0 18. Nd4 Bd5 19. Bf3 Qc5 20. Re1 Rfe8 21. Rxe8+ Rxe8 22. Rxa7 Nc8 23. Ra6 Nb6 24. Bxd5 Nxd5 25. Qf3 g6 26. Rc6 Qa3 27. Qxd5 Qc1+ 28. Kh2 Qf4+ 29. g3 Qxf2+ 30. Qg2 Qe1 31. Rxc4 Qa1 32. b6 Qa6 33. Rb4 Rb8 34. b7 Kg7 35. h4 h5 36. Qe2 Qd6 37. Rb5 f6 38. Qe6 Qc7 39. Qc6 Qf7 40. Ne6+ Kh6 41. c4 1-0

[Event "HUN-chT2 Breyer 0910"]
[Site "Hungary"]
[Date "2010.05.02"]
[Round "11"]
[White "Dekany, Lajos"]
[Black "Bogad, Peter"]
[Result "0-1"]
[WhiteElo "2069"]
[BlackElo "2055"]
[PlyCount "86"]
[EventDate "2009.11.08"]
[EventType "team-tourn"]
[EventRounds "11"]
[EventCountry "HUN"]
[SourceTitle "EXT 2011"]
[Source "ChessBase"]
[SourceDate "2010.11.26"]
[SourceVersion "1"]
[SourceVersionDate "2010.11.26"]
[SourceQuality "1"]
[WhiteTeam "Kisber Aszar"]
[BlackTeam "BEAC II"]
[WhiteTeamCountry "HUN"]
[BlackTeamCountry "HUN"]

1. Nf3 Nf6 2. c4 g6 3. Nc3 Bg7 4. e4 0-0 5. d4 d6 6. h3 e5 7. d5 Nh5 8. Be3 f5 9. exf5 gxf5 10. Ng5 Qe8 11. Be2 Nf6 12. g4 h6 13. Ne6 Bxe6 14. dxe6 f4 15. Bd2 Qxe6 16. Qb3 Nc6 17. c5 Qxb3 18. axb3 d5 19. Nb5 Rac8 20. 0-0-0 a6 21. Na3 Nd4 22. Bf1 Nxb3+ 23. Kb1 Ne4 24. Be1 c6 25. Nc4 Nbxc5 26. f3 dxc4 27. Bxc4+ Kh8 28. fxe4 Nxe4 29. Be6 Rcd8 30. Ba5 Rde8 31. Bd7 Nf2 32. Bxe8 Rxe8 33. Rhe1 Nxd1 34. Rxd1 e4 35. Rd7 e3 36. Rf7 Rf8 37. Rxf8+ Bxf8 38. Kc2 f3 39. Kd1 b5 40. Ke1 b4 41. Bb6 c5 42. Bc7 Be7 43. Bg3 c4 0-1

[Event "HUN-chT2 Breyer 0809"]
[Site "Hungary"]
[Date "2009.04.19"]
[Round "11"]
[White "Dekany, Lajos"]
[Black "Palla, Gyorgy"]
[Result "1-0"]
[WhiteElo "2069"]
[BlackElo "2101"]
[PlyCount "99"]
[EventDate "2008.10.26"]
[EventType "team-tourn"]
[EventRounds "11"]
[EventCountry "HUN"]
[SourceTitle "EXT 2010"]
[Source "ChessBase"]
[SourceDate "2010.11.25"]
[SourceVersion "1"]
[SourceVersionDate "2010.11.25"]
[SourceQuality "1"]
[WhiteTeam "Kisber Aszar"]
[BlackTeam "Balatonfuered"]
[WhiteTeamCountry "HUN"]
[BlackTeamCountry "HUN"]

1. c4 c5 2. Nc3 Nf6 3. e3 g6 4. d4 Bg7 5. Nge2 0-0 6. g3 Nc6 7. Bg2 d6 8. 0-0 Rb8 9. d5 Na5 10. Qd3 a6 11. Rb1 b5 12. cxb5 axb5 13. b4 Nc4 14. f4 Ba6 15. h3 Nd7 16. a3 f5 17. g4 Qe8 18. Ng3 Qf7 19. Nce2 Bc8 20. e4 fxg4 21. hxg4 cxb4 22. axb4 Ra8 23. e5 Qe8 24. e6 Nf6 25. g5 Nh5 26. Nxh5 gxh5 27. Be4 Qd8 28. Kg2 Ra2 29. Kh3 h6 30. gxh6 Bxh6 31. Rg1+ Kh8 32. Qd4+ Rf6 33. Ng3 Qb6 34. Qxb6 Nxb6 35. Nxh5 Rxe6 36. dxe6 Bxe6+ 37. f5 Bxc1 38. Rbxc1 Bc4 39. Rg3 d5 40. Bb1 Rb2 41. Rcg1 d4 42. Nf4 Rxb4 43. Ng6+ Kg7 44. Nxe7+ Kf8 45. Nc6 Ra4 46. Ne5 Bd5 47. f6 Ra7 48. Rg7 Be6+ 49. Kh4 Ra4 50. Ng6+ 1-0